CORAASAN, Construyendo soluciones 2012-2013 (Record no. 8177)
[ view plain ]
| 000 -LEADER | |
|---|---|
| campo de control de longitud fija | 00392nam a2200133Ia 4500 |
| 001 - NÚMERO DE CONTROL | |
| campo de control | 3725 |
| 008 - DATOS DE LONGITUD FIJA--INFORMACIÓN GENERAL | |
| campo de control de longitud fija | 241024s9999 xx 000 0 und d |
| 082 ## - NÚMERO DE LA CLASIFICACIÓN DECIMAL DEWEY | |
| Número de clasificación | RD/551.97293/C778c |
| 100 ## - ENTRADA PRINCIPAL--NOMBRE DE PERSONA | |
| Nombre de persona | Cooporación del Acueducto y Alcantarillado |
| 245 #0 - MENCIÓN DEL TÍTULO | |
| Título | CORAASAN, Construyendo soluciones 2012-2013 |
| 260 ## - PUBLICACIÓN, DISTRIBUCIÓN, ETC. | |
| Nombre del editor, distribuidor, etc. | Santiago, República Dominicana |
| Fecha de publicación, distribución, etc. | 2013 |
| 901 ## - ELEMENTOS DE DATOS A LOCAL LDA (RLIN) | |
| a | 28/2/2014 2:55:59 p.m. |
No items available.